Evaluation of finger imprint persistence as a practical method for measuring the severity of mammary oedema in dairy cows [Az ujjlenyomat tartósságának, mint a tejelő tehenek tőgyödéma súlyosságának mérésére szolgáló gyakorlati módszer értékelése]

Elmentve itt :
Bibliográfiai részletek
Szerzők: Tóth Violetta
Gulyás László
Mikó Edit
Gáspárdy András
Dokumentumtípus: Cikk
Megjelent: 2024
Sorozat:JOURNAL OF CENTRAL EUROPEAN AGRICULTURE 25 No. 2
Tárgyszavak:
doi:10.5513/JCEA01/25.2.4039

mtmt:35078608
Online Access:http://publicatio.bibl.u-szeged.hu/35623
LEADER 01054nab a2200241 i 4500
001 publ35623
005 20250117105933.0
008 250117s2024 hu o 000 eng d
022 |a 1332-9049 
024 7 |a 10.5513/JCEA01/25.2.4039  |2 doi 
024 7 |a 35078608  |2 mtmt 
040 |a SZTE Publicatio Repozitórium  |b hun 
041 |a eng 
100 1 |a Tóth Violetta 
245 1 0 |a Evaluation of finger imprint persistence as a practical method for measuring the severity of mammary oedema in dairy cows [Az ujjlenyomat tartósságának, mint a tejelő tehenek tőgyödéma súlyosságának mérésére szolgáló gyakorlati módszer értékelése]  |h [elektronikus dokumentum] /  |c  Tóth Violetta 
260 |c 2024 
300 |a 292-304 
490 0 |a JOURNAL OF CENTRAL EUROPEAN AGRICULTURE  |v 25 No. 2 
650 4 |a Állattenyésztési és tejtermelési tudomány 
700 0 1 |a Gulyás László  |e aut 
700 0 1 |a Mikó Edit  |e aut 
700 0 1 |a Gáspárdy András  |e aut 
856 4 0 |u http://publicatio.bibl.u-szeged.hu/35623/1/publicatio_fulltext.pdf  |z Dokumentum-elérés